Stav dopravy na Slovensku v období budovania zelenej ekonomiky bakalárska práca

Gespeichert in:
Bibliographische Detailangaben
1. Verfasser: Šotkovský, Samuel
Körperschaft: Fakulta podnikového manažmentu EU. Katedra podnikových financií
Weitere Verfasser: Tóthová, Alena, 1968-
Format: Buch
Sprache:Slowakisch
Veröffentlicht: Bratislava 2025
Tags: Tag hinzufügen
Keine Tags, Fügen Sie das erste Tag hinzu!

MARC

LEADER 00000nbm a2200000 4500
001 0309833
005 20260108095454.5
041 0 |a slo 
044 |a SK 
245 1 0 |a Stav dopravy na Slovensku v období budovania zelenej ekonomiky  |b bakalárska práca  |c Samuel Šotkovský ; školiteľ: Alena Tóthová 
264 1 |a Bratislava  |c 2025 
300 |a 51 s. 
100 1 |a Šotkovský, Samuel 
700 1 |a Tóthová, Alena, 1968- 
710 2 |a Fakulta podnikového manažmentu EU. Katedra podnikových financií